Supplementum ad varias collectiones operum ... Zegeri Bernardi Van-Espen ... (Record no. 153948)
[ view plain ]
| 000 -LEADER | |
|---|---|
| campo de control de longitud fija | 00969nam a2200229 i 4500 |
| 001 - NÚMERO DE CONTROL | |
| campo de control | 153948 |
| 003 - IDENTIFICADOR DE NÚMERO DE CONTROL | |
| campo de control | ES-MaACL |
| 005 - FECHA Y HORA DE LA ÚLTIMA TRANSACCIÓN | |
| campo de control | 20250730063135.0 |
| 008 - DATOS DE LONGITUD FIJA--INFORMACIÓN GENERAL | |
| campo de control de longitud fija | 960214s1789 it |||| | lat d |
| 040 ## - FUENTE DE CATALOGACIÓN | |
| Centro catalogador/agencia de origen | EUS |
| Lengua de catalogación | spa |
| Centro/agencia transcriptor | EUS |
| 100 1# - ENTRADA PRINCIPAL--NOMBRE DE PERSONA | |
| Nombre de persona | Espen, Zergen Bernard van, |
| Fechas asociadas al nombre | 1646-1726 |
| 9 (RLIN) | 126963 |
| 245 10 - MENCIÓN DEL TÍTULO | |
| Título | Supplementum ad varias collectiones operum ... Zegeri Bernardi Van-Espen ... |
| Resto del título | : continens Prñclara Juris Responsa, Epistolas, & varia Opuscula ... cum variis Monumentorum Appendicibus : Tomus primus, operum vero decimus. |
| 260 ## - PUBLICACIÓN, DISTRIBUCIÓN, ETC. | |
| Lugar de publicación, distribución, etc. | Venetiis : |
| Nombre del editor, distribuidor, etc. | Ex typographia Balleoniana, |
| Fecha de publicación, distribución, etc. | 1789. |
| 300 ## - DESCRIPCIÓN FÍSICA | |
| Extensión | XVI, 695 [i.e. 705] p. ; |
| Dimensiones | 4º. |
| 596 ## - NOTA AL PIE DE IMPRENTA | |
| NOTA AL PIE DE IMPRENTA | Marca tip. en port. |
| 597 ## - NOTA DE DESCRIPCIÓN FÍSICA | |
| NOTA DE DESCRIPCIÓN FÍSICA | Sign.:a8, A-Z8, 2A-2V8, 2X10. |
| 597 ## - NOTA DE DESCRIPCIÓN FÍSICA | |
| NOTA DE DESCRIPCIÓN FÍSICA | Texto a dos col. |
| 597 ## - NOTA DE DESCRIPCIÓN FÍSICA | |
| NOTA DE DESCRIPCIÓN FÍSICA | Errores de pag., p. 643-652 repetidas. |
| 597 ## - NOTA DE DESCRIPCIÓN FÍSICA | |
| NOTA DE DESCRIPCIÓN FÍSICA | Múltiples errores tip. de pag. |
| 852 ## - LOCALIZACIÓN | |
| Ubicación | ES-MaACL |
| Número de control de estantería | R-774-85 |
| Nota libre | -- Enc. pasta española |
| Encuadernación | -- Olim: G-6783-94 |
| Estatus retirado | Estado de pérdida | Estado de daño | No para préstamo | Colección | Biblioteca de origen | Biblioteca actual | Ubicación en estantería | Fecha de adquisición | Total de préstamos | Signatura topográfica completa | Código de barras | Visto por última vez | Precio de reemplazo | Tipo de ítem Koha |
|---|---|---|---|---|---|---|---|---|---|---|---|---|---|---|
| Libros del s. XVIII | Biblioteca del Ateneo de Madrid | Biblioteca del Ateneo de Madrid | Depósito | 17/01/2008 | R-774-85 | 1160958 | 23/02/2023 | 23/02/2023 | Libro impreso antiguo |
